Les campagnes françaises à l'époque moderne (notice n° 2198558)
[ vue normale ]
| 000 -LEADER | |
|---|---|
| fixed length control field | 01634cam a2200133 4500500 |
| 005 - DATE AND TIME OF LATEST TRANSACTION | |
| control field | 20260405085549.0 |
| 041 ## - LANGUAGE CODE | |
| Language code of text/sound track or separate title | fre |
| 042 ## - AUTHENTICATION CODE | |
| Authentication code | dc |
| 100 10 - MAIN ENTRY--PERSONAL NAME | |
| Personal name | Charpentier, Emmanuelle |
| Relator term | author |
| 245 00 - TITLE STATEMENT | |
| Title | Les campagnes françaises à l'époque moderne |
| 260 ## - PUBLICATION, DISTRIBUTION, ETC. | |
| Name of publisher, distributor, etc. | Armand Colin,<br/> |
| Date of publication, distribution, etc. | 2021.<br/> |
| 520 ## - SUMMARY, ETC. | |
| Summary, etc. | Cet ouvrage s’attache à dépeindre les campagnes françaises entre le XVIe siècle et la période révolutionnaire. Très divers, le monde rural connaît alors de profondes mutations avec le développement des liens tissés avec les villes, la croissance urbaine et l’affirmation de l’État, ainsi que le bouleversement des cadres hérités du Moyen Âge -- famille, communauté villageoise, paroisse ou seigneurie. L’auteur décrit aussi une époque d’évolutions des techniques agraires, du choix des cultures et de leur impact sur le paysage, mais aussi des stratégies économiques adoptées, selon les cas, pour survivre ou pour consolider son statut social. L'alimentation, l'habitat et les objets du quotidien permettent également d’appréhender les conditions d’une vie le plus souvent laborieuse, interrompue par des pauses à l'origine d'une sociabilité spécifique. La guerre, les crises démographiques, les risques ébranlent ce fragile équilibre et montrent la vulnérabilité des sociétés rurales. Mais face à l’adversité peuvent naître des « émotions » populaires, qui se déclinent en révoltes puis par une forte implication dans la Révolution. |
| 856 41 - ELECTRONIC LOCATION AND ACCESS | |
| Uniform Resource Identifier | <a href="https://shs.cairn.info/les-campagnes-francaises-a-l-epoque-moderne--9782200624552?lang=fr&redirect-ssocas=7080">https://shs.cairn.info/les-campagnes-francaises-a-l-epoque-moderne--9782200624552?lang=fr&redirect-ssocas=7080</a> |
Pas d'exemplaire disponible.




Réseaux sociaux